|
|
|
|
| LEADER |
00000nam0a2200000 4500 |
| 001 |
35144 |
| 005 |
20231101210301.0 |
| 035 |
|
|
|a (RuTPU)RU\TPU\book\35566
|
| 035 |
|
|
|a BOOK00002218
|
| 090 |
|
|
|a 35144
|
| 100 |
|
|
|a 20011210d1994 km y0rusy50 ca
|
| 101 |
0 |
|
|a rus
|
| 102 |
|
|
|a RU
|
| 105 |
|
|
|a y g 000zy
|
| 200 |
1 |
|
|a Полупроводниковые приборы. Транзисторы
|e справочник
|f В. М. Петухов
|
| 205 |
|
|
|f Доп. 1
|
| 210 |
|
|
|a Москва
|c Радио и связь
|d 1994
|
| 215 |
|
|
|a 232 с.
|
| 451 |
|
1 |
|0 (RuTPU)RU\TPU\book\35565
|y 5-256-01093-X
|t Полупроводниковые приборы. Транзисторы
|o справочник
|h дополнение 1
|f В. М. Петухов
|c Москва
|n Радио и связь
|d 1993
|p 223 с.
|a Петухов, Владимир Матвеевич
|
| 606 |
1 |
|
|a Полупроводниковые приборы
|2 stltpush
|3 (RuTPU)RU\TPU\subj\50669
|9 69320
|
| 610 |
1 |
|
|a электроника
|
| 610 |
1 |
|
|a физические основы
|
| 610 |
1 |
|
|a транзисторы
|
| 610 |
1 |
|
|a назначение
|
| 610 |
1 |
|
|a размеры
|
| 610 |
1 |
|
|a маркировка
|
| 610 |
1 |
|
|a режимы
|
| 610 |
1 |
|
|a условия работы
|
| 610 |
1 |
|
|a справочники
|
| 675 |
|
|
|a 621.382(035)
|v 3
|
| 675 |
|
|
|a 621.382.3(035)
|v 3
|
| 700 |
|
1 |
|a Петухов
|b В. М.
|g Владимир Матвеевич
|
| 801 |
|
0 |
|a RU
|b 63413507
|c 20011210
|g PSBO
|
| 801 |
|
2 |
|a RU
|b 63413507
|c 20211201
|g PSBO
|
| 900 |
|
|
|a Физические основы электроники
|
| 942 |
|
|
|c BK
|